000 00907nam a22002177a 4500
005 20150414020002.0
008 130821b2011 ck ||||| |||| 00| 0 spa d
020 _a9789588385631
041 _aspa
044 _ack
082 _a635.9674
_bP85p
100 1 _aPosada-García, Jorge Andrés
_91740
245 1 0 _aPlantas Acuáticas del Altiplano del Oriente Antioqueño, Colombia
_bJosé Andrés Posada-García y Mónica Tatiana, López-Muñoz
260 _aRionegro, Antioquia
_bUniversidad Católica del Oriente - UCO
_c2011.
300 _a118 p.
_bil. (col)
_c24 cm.
504 _aIncluye referencias bibliográficas (p.114-119)
650 5 _aPlantas acuáticas
_vmanuales
_xcultivo
_zAntioquia (Departamento, Colombia)
_91741
650 5 _aPlantas acuáticas
_vmanuales
_xclasificación
_zAntioquia (Departamento, Colombia)
_91742
700 _aLópez-Muñoz, Mónica Tatiana
_91743
942 _2ddc
_cImpreso
_03
999 _c7600
_d7600